[Event "Moscow Aeroflot op-A"]
[Site "Moscow"]
[Date "2006.02.08"]
[Round "1"]
[White "Aleksandrov, Aleksej"]
[Black "Khismatullin, Denis Rimovich"]
[Result "1/2-1/2"]
[WhiteElo "2653"]
[BlackElo "2576"]
[Annotator "Gavrikov,V"]
[PlyCount "97"]
[EventDate "2006.02.08"]
[EventType "swiss"]
[EventRounds "9"]
[EventCountry "RUS"]
[SourceTitle "CBM 112"]
[Source "ChessBase"]
[SourceDate "2006.06.07"]
[SourceVersion "1"]
[SourceVersionDate "2006.06.07"]
[SourceQuality "1"]

1. d4 Nf6 2. c4 e6 3. Nc3 Bb4 4. e3 O-O 5. Bd3 d5 6. Nf3 b6 7. a3 $5 Be7 ({
White obtains slightly better game in case of} 7... Bxc3+ 8. bxc3 Ba6 9. cxd5
Bxd3 10. Qxd3 exd5 (10... Qxd5 11. O-O c5 12. Nd2 Rd8 13. e4 Qb7 14. Re1 Nc6
15. Nf3 $14 {1-0 Ibragimov,I-Ivanov,A/New York 1997/CBM 057 ext (31)}) 11. O-O
Nbd7 12. c4 c6 13. Bb2 Re8 14. Rac1 Rc8 15. Rc2 {1-0 Kudrin,V-Losev,S/Kimry
2003/EXT 2006 (32)}) 8. cxd5 ({The continuation} 8. e4 dxe4 9. Nxe4 {does not
promise any real gains in view of} Bb7 10. Qe2 Nbd7 11. O-O c5 12. Rd1 Qc7 13.
Bg5 Rfe8 14. dxc5 bxc5 15. Nxf6+ Nxf6 16. Ne5 Rad8 $11 {1/2-1/2 Antoshin,
V-Podgaets,M/Riga 1970/URS-ch (28)}) 8... exd5 9. Ne5 ({This move order is
more precise than} 9. O-O {when Black can react with} Ba6 10. Bxa6 Nxa6 11. Ne5
Bd6 12. Nb5 c5 13. Nxd6 Qxd6 $13 {1-0 Aleksandrov,A-Giorgadze,G/Saint Vincent
2005/CBM 110 no vc (74)}) 9... c5 10. O-O Bb7 11. Qf3 (11. f4 $6 Nc6 12. Nxc6
Bxc6 13. Qf3 Qd7 $15 {0-1 Rodriguez Vargas,O-Bronstein,L/Mar del Plata 1969/
EXT 99 (37)}) 11... Nc6 12. Rd1 $5 $146 {[%cal Gd1d8] The most logical reply.}
({Black has no problems after} 12. Qh3 g6 (12... a6 $2 13. Nd7 $1 Qxd7 $140 $2
14. Bxh7+ $18) 13. Bd2 Nxe5 14. dxe5 Ne4 15. Rad1 Qc8 16. Qxc8 Raxc8 17. Nxe4
dxe4 18. Bc4 Rfd8 $11 {1/2-1/2 Shamkovich,L-Ree,H/Amsterdam 1968/MCL (59)})
12... Qc7 $6 {[%csl Rd5]} ({More accurate was} 12... Qd6 13. Ng4 Nxg4 ({but not
} 13... Rad8 $2 14. Nb5 $1 Qb8 (14... Qd7 $4 15. Bf5 $18) 15. Nxf6+ Bxf6 16.
Qf5 Rfe8 17. Qxh7+ Kf8 18. Re1) 14. Qxg4 Rad8 15. dxc5 Qxc5 {with chances for
both sides.}) 13. Qg3 $6 {A serious inaccuracy.} ({White could exploit the
vulnerability of d5-pawn by} 13. Ng4 $1 Nxg4 14. Qxg4 Na5 (14... Rad8 15. Qh5
g6 16. Nxd5 $14) 15. Qh5 g6 16. Nxd5 Bxd5 17. Qxd5 Rad8 18. Qa2 $1 cxd4 19.
exd4 Rxd4 20. Be3 $14) 13... Nxe5 14. dxe5 Nh5 $5 ({Black is already not
satisfied with equality after} 14... Ne4 15. Nxe4 dxe4 16. Bc4 Rad8 17. Bd2 Bd5
) 15. Qh3 g6 16. f4 Rad8 17. Bd2 Ng7 18. Be1 f6 $1 {It is necessary to open
the e-file.} 19. Nb5 (19. exf6 Bxf6 $15) 19... Qb8 ({Deserves attention} 19...
Qd7 $5 20. Qxd7 Rxd7 21. Nxa7 $140 fxe5 22. fxe5 Bg5) 20. Bh4 Bc8 {Black loses
time with the following exchange operation allowing White to create
counterplay.} ({Stronger was instead} 20... Rde8 $5 21. exf6 Bxf6 22. Bxf6 Rxf6
$36) 21. Qg3 Nf5 22. Bxf5 Bxf5 23. Rd2 a6 24. Nc3 d4 25. Ne2 $5 (25. exd4 $143
cxd4 26. exf6 Bxf6 27. Bxf6 Rxf6 28. Ne2 d3 29. Nc3 $15) 25... d3 26. Nc3 Qb7
27. Re1 $1 {[%cal Ge3e4]} Be4 (27... fxe5 28. Bxe7 Qxe7 29. e4 $1 Be6 30. f5
Bc4 31. fxg6 $13) 28. f5 $1 {Intending to eliminate the pawn on d3.} ({Less
clear is} 28. Rf1 Kh8 29. exf6 Bxf6 30. Bxf6+ Rxf6 31. Qg5 Rdd6) 28... Bxf5 29.
e4 Be6 30. exf6 Bxf6 31. Bxf6 Rxf6 32. Rxd3 Rxd3 33. Qxd3 {Now White is out of
danger and the game heads towards a draw.} Rf8 34. h3 Qf7 35. Qe3 Rd8 36. Qg5
Rf8 37. Qe3 Rd8 38. e5 Qd7 39. Rd1 Qe7 40. Rxd8+ Qxd8 41. Ne4 Kg7 42. Nd6 Qh4
43. Kh2 a5 44. Ne8+ Kg8 45. Nf6+ Kg7 46. Qf3 Qg5 47. Ne8+ Kg8 48. Nf6+ Kg7 49.
Ne8+ 1/2-1/2

[Event "Biel GM 51st"]
[Site "Biel"]
[Date "2018.07.30"]
[Round "8"]
[White "Navara, David"]
[Black "Georgiadis, Nico"]
[Result "1/2-1/2"]
[WhiteElo "2741"]
[BlackElo "2526"]
[Annotator "Golubev,M"]
[PlyCount "102"]
[EventDate "2018.07.22"]
[EventType "tourn"]
[EventRounds "10"]
[EventCountry "SUI"]
[EventCategory "20"]
[SourceTitle "CBM 186"]
[Source "ChessBase"]
[SourceDate "2018.09.14"]
[SourceVersion "1"]
[SourceVersionDate "2018.09.14"]
[SourceQuality "1"]

1. d4 d5 2. c4 e6 3. Nc3 Bb4 4. e3 Nf6 5. Nf3 O-O 6. Bd3 b6 7. O-O Bb7 {
An old, solid variation of the Nimzo-Indian.} 8. cxd5 exd5 9. Ne5 ({In the
past,} 9. a3 Bd6 10. b4 {had occurred a number of games in Navara's practice,
with both colors.}) 9... Nbd7 ({A curious game Peralta-Navara, FRA-ChT
Mulhouse 2011 continued} 9... Bd6 10. f4 c5 11. Qf3 (11. g4 $5) 11... Nc6 12.
Qh3 h6 13. Rf3 (13. g4 $5) 13... cxd4 14. exd4 Nxd4 15. Rg3 Kh8 16. f5 Bxe5 17.
Rxg7 Kxg7 18. Qxh6+ Kg8 19. Qg5+ Kh8 20. Qh6+ Kg8 21. Qg5+ {1/2,
Peralta-Navara, FRA-ChT Mulhouse 2011}) 10. f4 ({After} 10. Qa4 {Black can play
} Nxe5 $1 11. dxe5 Bxc3 12. bxc3 Ne4 $11 ({rather than} 12... Nd7 $6 13. Ba3 $1
c5 14. f4 {Furman-Antoshin, Rostov 1953})) 10... c5 ({Probably also playable is
} 10... Bxc3 11. bxc3 c5 {, as in Piket-Illescas, Wijk aan Zee 1997}) 11. Ne2 (
{Otherwise:} 11. Rf3 Ne4 $1 $11 {Tolush-Antoshin, USSR Ch (Leningrad) 1956}) (
11. Bd2 Ne4 12. Rc1 Rc8 13. Be1 $5 {I.Kovalenko-Georgiadis, Riga 2015, with
approximately equal chances.}) 11... cxd4 (11... c4 {is a more principled move.
} 12. Bf5 $5 g6 13. Qa4 $6 gxf5 $1 14. Qxb4 Ne4 15. a4 f6 16. Nf3 Nb8 $1 17.
Qe1 Nc6 {Caruana-Adams, Wijk aan Zee 2016, was quite good for Black.}) 12. exd4
{With a certain even if slight initiative for White.} Bd6 $5 13. Ng3 ({Two
noteworthy alternatives were} 13. Qa4 $5) ({and} 13. Bf5 $5) 13... Ne4 $1 14.
Nf5 Ndf6 15. Qf3 ({Instead,} 15. g4 $5 {makes sense, where} Rc8 $5 16. g5 Ne8 {
was tried in Avotins-Sanchez Ródenas, ICCF 2017}) ({While the exchange} 15.
Nxd6 {also can be considered by White.}) 15... Bc7 $6 ({A better move was} 
15... Bc8 $1 16. Ne3 Bb7) 16. Be3 $6 ({Also unconvincing is} 16. Qh3 Bc8 17. g4
Bxf5 18. gxf5) ({But} 16. Bxe4 $1 dxe4 (16... Nxe4 $6 17. Qg4 g6 18. Nh6+ Kg7
19. f5) 17. Qg3 g6 18. Be3 $1 {and if} Nh5 19. Qg4 {would have been hard to
meet. White's main idea is} Kh8 20. Nh6 {followed by f5!.}) 16... Nd6 $5 17.
Rac1 $1 Nfe4 $2 {Tempting but wrong,} 18. Nxd6 $2 ({After} 18. Nxg7 $1 Kxg7 19.
f5 (19. Qh5 $5) {White's attack brings him decent winning chances. For example,
} 19... f6 $8 20. Qg4+ ({or maybe} 20. Qh5 fxe5 $8 21. f6+ Rxf6 22. Bxe4 dxe4
$8 23. Rxf6 Qxf6 24. Rxc7+ Nf7 25. Rxb7 exd4 26. Qg4+ $1 Kf8 27. Bd2 Qg6 28.
Rxf7+ $1 Kxf7 $8 29. Qd7+ Kf6 30. Qc6+ Ke5 31. Qxa8 e3 32. Be1 Qb1 33. Qe8+ $16
) (20. Qh3 $5) 20... Kh8 21. Ng6+ hxg6 22. Rf3 $1 Qe7 23. Qxg6 Qg7 ({or} 23...
Rf7 24. Rh3+ Rh7 25. Rxh7+ Qxh7 26. Qxh7+ Kxh7 27. Rxc7+ Kg8 28. Bxe4 $1 dxe4
29. Bf4) 24. Rxc7 Rf7 ({if} 24... Qxg6 25. fxg6 Kg8 26. Bh6 $1) 25. Rh3+ Kg8
26. Rxf7 Nxf7 27. Rh7 $1 Qxg6 28. fxg6 Nfd6 ({if} 28... Nd8 29. Bh6 $1) 29.
Bxe4 dxe4 30. Bf4 e3 31. Bxd6) 18... Bxd6 $11 {Now Black is OK.} 19. f5 Rc8 20.
Rce1 f6 21. Ng6 Re8 ({Indeed, not} 21... hxg6 $2 22. fxg6 Re8 23. Qh3 $18) 22.
Nf4 ({He could have tried} 22. Qh5 $5 Qd7 23. Nf4 Bxf4 24. Rxf4 {though this
isn't a problem for Black.}) 22... Bxf4 $1 23. Bxf4 ({A bit more accurate is} 
23. Qxf4) 23... Qd7 $1 {Black attacks the f5-pawn, and it's easy to see that
he has already developed some initiative.} 24. Qd1 $6 ({Perhaps, the passive} 
24. Be3 {had to be preferred.}) 24... Qxf5 25. Bb8 ({Bizarre. But if} 25. Bb5
Bc6 $1 26. Ba6 Ra8 $1 {and White has no compensation for a pawn.}) 25... Qe6
26. Bxa7 $2 $17 {White has regained a pawn, but his bishop is in a desperate
situation.} Ra8 $6 ({A quite good try was} 26... Qd6 27. Qb3 $140 Re6 ({
or maybe Black can go for} 27... Nd2 28. Rxe8+ Rxe8 29. Qxb6 Qxb6 30. Bxb6 Nxf1
31. Kxf1)) ({and} 26... Red8 27. Qb3 $140 Rd6) 27. Qb3 $1 Qf7 $1 28. Qxb6 $6 ({
The best defence was} 28. Rf4 $1 f5 (28... Rxa7 29. Rfxe4 dxe4 $140 $2 30. Bc4)
29. Bxe4 Rxe4 30. Rexe4 dxe4 31. Qxf7+ Kxf7 32. Bxb6 {though also here it's
Black who's better after} Bc8 $1) 28... Re6 29. Qa5 Bc6 $1 30. Rxe4 $6 ({
Objectively, White had to go for} 30. Bxe4 dxe4 31. d5 Re5 $1 $17) 30... dxe4
31. Bc4 Rxa7 32. Qc5 Rc7 $2 ({Missing} 32... Rd7 $1 $19 {with a point} 33. d5
Qh5 $1 34. Qxc6 Rxc6 35. dxc6+ Rf7 36. b4 Qe5) 33. Rc1 $1 e3 34. b4 $2 ({
The correct way was} 34. d5 $1 Bxd5 35. Qxd5 Kh8 36. Re1 Rxc4 37. Qxc4 {
with good chances for a draw.}) 34... e2 $1 35. Re1 Kh8 $6 ({A more or less
clearly winning opportunity was} 35... Rc8 $1 36. Rxe2 (36. d5 Re4 $1) 36...
Bd7 $19) 36. b5 $5 Qe7 $2 ({Here again Black had a good chance:} 36... Bxb5 $1
37. Qxb5 $8 Qe8 $1 $17 {where, I suspect, he should be winning in the long run.
}) 37. Bxe6 $1 Qxc5 38. dxc5 Bxb5 $11 {And this interesting game ended in a
draw.} 39. Bg4 Rxc5 40. Bxe2 Ba4 41. Rb1 g6 42. Rb4 Rc2 43. Bd1 Rc1 44. Rxa4
Rxd1+ 45. Kf2 Rd2+ 46. Kf3 Kg7 47. Ra7+ Kh6 48. a4 Ra2 49. a5 Kg5 50. a6 h5 51.
Ra8 Kf5 1/2-1/2

[Event "Bayern-chI Bank Hofmann 20th"]
[Site "Bad Wiessee"]
[Date "2016.11.06"]
[Round "9"]
[White "Graf, Alexander"]
[Black "Zhigalko, Sergei"]
[Result "0-1"]
[WhiteElo "2564"]
[BlackElo "2669"]
[Annotator "Gutman,L"]
[PlyCount "52"]
[EventDate "2016.10.29"]
[EventType "swiss"]
[EventRounds "9"]
[EventCountry "GER"]
[SourceTitle "CBM 176"]
[Source "ChessBase"]
[SourceDate "2017.01.17"]
[SourceVersion "1"]
[SourceVersionDate "2017.01.17"]
[SourceQuality "1"]

1. d4 Nf6 2. c4 e6 3. Nc3 Bb4 4. e3 O-O 5. Bd3 d5 6. Nf3 b6 7. O-O (7. Bd2 $5 {
ist unseres Erachtens am energischsten, Savielly Tartakower,} Ba6 $5 ({Nach} 
7... Bb7 8. cxd5 exd5 9. O-O Nbd7 (9... a6 $5) 10. Rc1 a6 11. Ne5 Re8 12. f4
$14 {Li Chao-Short, Baku Olympiade 2016, gefällt die weiße Stellung etwas
besser}) 8. O-O (8. Ne5 c5 (8... Bd6 9. f4 c5 10. O-O dxc4 11. Qf3 {
Welling-Martens, Eindhoven 1988} cxd3 $5 12. Qxa8 cxd4 13. exd4 Bxe5 14. dxe5
Qd7 15. Qf3 Bb7 16. Qh3 Ne4 $11) 9. cxd5 cxd4 10. exd4 Bxd3 11. Nxd3 Bxc3 12.
bxc3 Qxd5 13. O-O Nc6 14. Re1 Rac8 $11) (8. b3 dxc4 9. bxc4 c5 10. a3 Ba5 11.
O-O (11. Ne4 Bxd2+ 12. Qxd2 cxd4 13. exd4 Nc6 14. Nxf6+ Qxf6 $15 {
Stojanovski-Pedersen, DEN Liga 2016}) 11... Nc6 12. Be1 (12. Nb5 Bb7 13. Bxa5
Nxa5) 12... cxd4 13. exd4 g6 14. Ne2 Rc8 $11) 8... dxc4 ({oder} 8... Bxc4 9.
Bxc4 dxc4 10. Qe2 Bxc3 11. Bxc3 Qd5 12. Nd2 b5 13. b3 cxb3 14. axb3 Qb7 15. e4
b4 16. Bb2 a5 $11) 9. Be2 Bxc3 10. Bxc3 Nd5 11. Rc1 Nxc3 12. Rxc3 b5 $11 {
mit Ersatz für den Bauern, aber kaum mehr.}) 7... Bb7 (7... Ba6 $5 {kommt
wiederum in Betracht,} 8. cxd5 exd5 9. Bxa6 Nxa6 10. Qa4 Qc8 11. Bd2 Qb7 (11...
Re8 12. a3 Bf8 13. b4 c5 $11 {Topalov-Ponomariov, Renova 2013}) 12. Rac1 Rfe8
13. Rfd1 Bf8 14. Be1 Nb8 15. b4 Nbd7 $11 {Brunner-Safarli, Novi Sad 2016}) 8.
a3 ({GM Rene Stern spielt seit Jahren} 8. Bd2 $5 {, doch kann} Bd6 $5 ({
Minder ratsam ist} 8... Nbd7 9. Nxd5 $5 Nxd5 10. cxd5 Bxd2 (10... Bd6 $2 11.
dxe6 fxe6 12. e4 $16 {Graf-Ghorbani, Beirut 2000}) 11. dxe6 (11. Qxd2 Bxd5 12.
Qc2 h6 13. e4 Bb7 14. Rad1 Rc8 $11 {Kortschnoj-Rahman, Calvia Olympiade 2004})
11... Bxf3 12. gxf3 fxe6 (12... Bxe3 13. exf7+ Kh8 14. fxe3 Qg5+ 15. Kh1 Qxe3 {
Efimov-Leon Hoyos, Bratto 2008} 16. Rc1 $5 Rxf7 17. Rxc7 Ne5 18. Rxf7 Nxf7 19.
Be4 Rd8 20. d5 $14) (12... Qg5+ 13. Kh1 Bxe3 14. fxe3 fxe6 15. Bc4 Qe7 16. f4
$14 {Welling-Kveinys, Saint Vincent 2003}) 13. Qxd2 Qh4 (13... c5 14. Be2 Rf6
15. f4 Rh6 16. f3 $14) 14. Qe2 e5 15. Bb5 Rad8 {, Stern-Von Herman, Berlin 2014
} 16. Rad1 $14) 9. cxd5 (9. Rc1 c5 10. Qe2 Ne4 11. cxd5 exd5 12. Nb5 Be7 $11 {
Boensch-Vaisser, Sochi 1984}) 9... exd5 10. Qb1 ({sinnvoller wirkt} 10. Rc1 a6
11. Ne5 c5 12. f4 Nc6 {Koop-Roiz, Dresden 2015}) ({oder} 10. Ne5 $5 c5 11. f4
Nc6 12. Nb5) 10... a6 11. b4 Re8 12. a4 Nc6 13. b5 Na5 14. Rc1 Nc4 15. Be1 axb5
16. Nxb5 Bf8 17. Bb4 c5 18. Bc3 Ne4 $11 {Stern-Navara, Bl 2016/17, kaum
überzeugen.}) 8... Bd6 9. b4 ({Harmlos erscheint} 9. cxd5 exd5 10. b4 a6 11.
Qb3 Qe7 12. b5 axb5 13. Nxb5 $11 {, von Viktor Kortschnoj und Artur Jussupow
angewandt.}) 9... dxc4 10. Bxc4 a5 11. b5 Nbd7 12. Re1 {Alexander Graf sucht
nach neuen Wegen.} ({Üblich ist} 12. Bb2 e5 (12... Qe7 13. Re1 (13. Be2 Rad8
14. Qc2 e5 15. a4 Rfe8 16. Rad1 e4 17. Nd2 Nd5 18. Nxd5 Bxd5 19. Nc4 Nf8 (19...
Bxh2+ 20. Kxh2 Qh4+ 21. Kg1 Re6 22. Ne5 Rh6 23. f3 Nxe5 24. dxe5 Qh1+ 25. Kf2
Qh4+ 26. Kg1 Qh1+ $11) 20. Rde1 Ng6 21. f4 exf3 22. Bxf3 Bxf3 23. gxf3 Bb4 24.
Rd1 Rd5 25. Kh1 Rh5 26. e4 Qd7 $11 {Shabalov-Benjamin, USA-ch Long Beach 1993})
(13. Ne2 Rad8 14. Ng3 g6 (14... Ne4 15. Qc2 Nxg3 16. hxg3 e5 17. Nh4 e4 18. Nf5
Qg5 19. Nxd6 cxd6 20. Rfc1 Rc8 21. Qd1 Bd5 22. Be2 Nf6 $11 {Olafsson
F-Bisguier, Stockholm izt 1962}) 15. Qc2 e5 16. dxe5 Nxe5 17. Nxe5 Bxe5 18.
Bxe5 Qxe5 19. Rac1 Rd7 20. Qc3 Qg5 $11 {Ubilava-Hjartarsson, Linares 1996}) (
13. a4 e5 14. Nd5 Nxd5 15. dxe5 Bxe5 16. Nxe5 Nxe5 17. Bxd5 Rad8 18. e4 Bxd5
19. exd5 Rfe8 $11 {Tomashevsky-Vitiugov, RUS-chT Sochi 2016}) 13... e5 {
ist Zugumstellung}) 13. Re1 Qe7 (13... e4 $5 14. Nd2 Qe7 15. Be2 (15. f4 exf3
16. gxf3 Rad8 17. Qe2 Rfe8 $11 {Huebner-Khalifman, Bundesliga 1991/92}) 15...
Rad8 16. f4 (16. Qc2 Rfe8 17. f4 exf3 18. Bxf3 Bxf3 19. Nxf3 Ne4 20. Nxe4 Qxe4
21. Qxe4 Rxe4 22. Nd2 Re6 $11 {Portisch-Petrosian, Lone Pine 1978}) 16... Nd5
17. Nxd5 Bxd5 18. Nc4 f5 19. Ne5 (19. Qc2 Qe6 20. h3 h6 21. g4 Nf6 22. Rf1 fxg4
23. f5 Qe7 $17 {Van der Sterren-Stean, Marbella zt 1982}) 19... Qe6 $11 {
Portisch-Huebner, 8 Wettkampfpartie Abano Therme 1980}) 14. Nh4 (14. h3 Rae8
15. Be2 exd4 16. Nxd4 Qe5 17. g3 Nc5 18. Bf3 Bxf3 19. Qxf3 Nd3 20. Re2 Qc5 $15
{Babula-Navara, Pardubice Rapid 2014}) (14. e4 Rae8 15. Qc2 exd4 16. Nd5 Nxd5
17. exd5 Ne5 18. Nxe5 Bxe5 19. f4 Qc5 $17 {Grigorian S-Kravtsiv, Dresden 2014})
14... g6 15. f4 exf4 (15... e4 16. g4 $14 {Bick-Ehlvest, Las Vegas 2004}) 16.
exf4 Ne4 17. g3 Nxc3 18. Bxc3 Qf6 19. Qd3 Rae8 $11) 12... Qe7 ({Vorsichtiger
wäre} 12... e5 13. e4 (13. Bb2 {führt zu Varianten nach 12.Lb2 e5 13.Te1}) ({
und} 13. dxe5 Nxe5 14. Be2 {Holmerg-Olofsson, email 2006, ist fraglich wegen}
Nfg4 $5 15. h3 Nxf3+ 16. Bxf3 Bh2+ 17. Kf1 Bxf3 18. Qxd8 Raxd8 19. gxf3 Nxf2
20. Kxf2 Be5 21. Bb2 Rd2+ 22. Re2 Rxb2 23. Rxb2 Bxc3 $15) 13... exd4 14. Qxd4
Qe7 15. Bg5 Ne5 16. Nd5 Bxd5 17. exd5 Rfe8 $11) 13. e4 ({Nun verzichtet
Alexander Graf auf} 13. Bb2 {mit Übergang zu bereits untersuchten Varianten,
und versucht mehr zu erreichen.}) 13... e5 14. Bg5 $5 (14. h3 exd4 15. Nxd4
Rae8 16. Nf5 Bh2+ 17. Kh1 Qc5 18. Bd5 Nxd5 19. Nxd5 Bxd5 20. Be3 Qxb5 21. exd5
Be5 22. Rb1 Qc4 23. f4 Bf6 24. Rc1 Qe4 $11) (14. Bb2 {leitet über zu 12.Bb2})
14... h6 15. Bh4 g5 16. Bg3 Rae8 (16... Rad8 17. h4 g4 18. dxe5 Nxe5 19. Nxe5
Bxe5 20. Nd5 $16) 17. Qb3 $2 ({Schade! Nach} 17. Re2 Rd8 ({Alternativen sind
kaum besser.} 17... Nh5 18. Bd5 $14) ({oder} 17... exd4 $6 18. e5 Bxf3 19. exd6
Bxe2 20. dxe7 Bxd1 21. exf8=Q+ Nxf8 22. Nxd1 Re1+ 23. Bf1 d3 24. f3 d2 25. Kf2
Ne6 26. Be2 Nd4 27. Ke3 Nxe2 28. Kxd2 $16) 18. Qc2 (18. h4 Nh5 19. Bxe5 Bxe5
20. Nd5 Qd6 21. Rd2 Nhf6 22. dxe5 Nxe5 23. Nxe5 Qxe5 $11) 18... Nh5 19. Bd5 {
hätte seine Strategie triumphiert, man sehe} Bc8 20. Bc6 g4 21. Bh4 f6 22.
Qa2+ Kh8 23. Nxe5 Nxe5 24. Nd5 Qg7 25. dxe5 Bxe5 26. Rd1 Nf4 27. Red2 Ne6 28.
Bg3 Nc5 29. Ne3 $14 {, und vielleicht wäre Alexander der Sieger in Bad
Wiessee gewesen.}) 17... exd4 18. Nxd4 Nc5 19. Qb2 Bxg3 20. hxg3 Ng4 (20... Qe5
21. Rad1 Rd8 22. Nf3 Rxd1 23. Rxd1 Qe8 $11) 21. Qe2 $2 ({Zum Ausgleich reichte
} 21. f3 Ne5 22. Nf5 Qf6 23. Qa2 g4 24. Rf1 gxf3 25. gxf3 Nxc4 26. Qxc4 Re5 $11
) 21... Qf6 22. Qd2 (22. Rad1 Nxe4 23. Nxe4 Rxe4 $17) 22... Bxe4 23. Nd5 $2 ({
Der Weiße bricht zusammen. Notwendig war} 23. Rad1 Bd3 24. Bxd3 Nxd3 25. Rf1
Qxd4 26. Qxd3 Qxd3 27. Rxd3 Rd8 28. Rfd1 Rxd3 29. Rxd3 Re8 30. Kf1 Ne5 31. Rd4
Kg7 $15) 23... Bxd5 24. Bxd5 Rxe1+ 25. Rxe1 Nd3 26. f3 Qxd4+ 0-1

[Event "USA-ch"]
[Site "Long Beach"]
[Date "1993.??.??"]
[Round "3"]
[White "Shabalov, Alexander"]
[Black "Benjamin, Joel"]
[Result "1-0"]
[WhiteElo "2590"]
[BlackElo "2620"]
[Annotator "Hansen,Cu"]
[PlyCount "85"]
[EventDate "1993.12.??"]
[EventType "tourn"]
[EventRounds "11"]
[EventCountry "USA"]
[EventCategory "14"]
[SourceTitle "CBM 039"]
[Source "ChessBase"]
[SourceDate "1994.04.01"]
[SourceVersion "1"]
[SourceVersionDate "1994.04.01"]
[SourceQuality "1"]

1. d4 Nf6 2. c4 e6 3. Nf3 b6 4. e3 Bb7 5. Nc3 Bb4 6. Bd3 O-O 7. O-O d5 8. a3
Bd6 9. b4 dxc4 10. Bxc4 Nbd7 (10... a5 11. bxa5 (11. b5 Nbd7 12. Ne2 Ne4 13.
Bb2 Qf6 14. Ng3 Rad8 $10 {Torre-Bisguier/New York/1985/}) 11... Rxa5 12. Qe2
Ne4 13. Nxe4 Bxe4 14. Bd3 Bxd3 15. Qxd3 Nd7 $10 {Pekarek,A-Piskov,Y/BL/1993/})
11. Bb2 (11. Nb5 Be7 (11... a6 12. Nxd6 cxd6 13. Bb2 b5 14. Bd3 Nb6 15. Rc1 Be4
16. Be2 Qe7 17. Nd2 Bg6 18. f3 Rac8 19. e4 d5 20. e5 Nfd7 $15 {Morovic,
I-Kortschnoj,V/Santiago m (02)/1991/}) 12. Bb2 a6 13. Nc3 Bd6 14. Qe2 e5 15.
dxe5 Nxe5 16. Nxe5 Bxe5 {0,5/Perez,F-Pachmann,L/EUchT/1961/}) 11... a5 (11...
Qe7 12. Nb5 a6 (12... Rfc8 13. Qe2 a6 14. Nxd6 cxd6 15. b5 axb5 16. Bxb5 Ne4
17. Rfc1 $14 {Portisch,L-Medina Garcia,A/Palma de Mallorca/1971/}) 13. Nxd6
cxd6 14. b5 axb5 (14... d5 15. Bd3 axb5 16. Qb3 $14 {Gligoric,S-Donner,J/
Eersel m/1968/}) 15. Bxb5 Ne4 {Torre,E-Kortschnoj,V/Manila izt/1992/} 16. Qe2
$14) 12. b5 (12. bxa5 Rxa5 13. Nb5 Be7 14. a4 Ne4 15. Bd3 Nd6 16. Qe2 $14 {
Gligoric,S-Van den Berg,C/Wijk/1971/}) 12... Qe7 (12... e5 13. Re1 (13. Ba2 {
0,5/Lukov,V-Razuvaev,Y/Geneve/1993/}) (13. a4 Qe7 14. h3 Rad8 15. Qe2 Rfe8 16.
Rad1 exd4 17. Nxd4 g6 $10 {Spassky,B-Tal,M/Moskva/1975/}) (13. h3 e4 14. Nh2
Re8 15. Rc1 Qe7 16. a4 Rad8 $10 {Hager,F-Chandler,M/Wien op/1986/}) 13... e4
14. Nd2 Qe7 (14... Re8 15. Bf1 h5 16. h3 Nf8 17. Nc4 h4 18. Qb3 Qe7 19. a4 $14
{Portisch,L-Bolbochan,Ju/Stockholm izt/1962/}) 15. Be2 (15. f4 $6 exf3 16. gxf3
Rad8 $15 {Hubner,R-Khalifman,A/BL/1991/}) 15... Rad8 16. Qc2 (16. f4 Nd5 17.
Nxd5 Bxd5 18. Nc4 f5 19. Ne5 Qe6 $10 {Portisch,L-Hubner,R/Abano Terme cs/1980/}
) 16... Rfe8 17. f4 exf3 18. Bxf3 Bxf3 19. Nxf3 Ne4 $15 {Portisch,L-Petrosian,
T/Lone Pine/1978/}) 13. Be2 (13. Ne2 Rad8 14. Ng3 Ne4 15. Qc2 Nxg3 16. hxg3 e5
$10 {Olafsson,F-Bisguier,A/Stockholm izt/1962/}) 13... Rad8 14. Qc2 e5 15. a4
Rfe8 16. Rad1 e4 (16... exd4 17. Nxd4 {/\Nf5} g6 18. Bf3 $14) 17. Nd2 Nd5 18.
Nxd5 (18. Ndxe4 $2 Nb4 $19) 18... Bxd5 19. Nc4 Nf8 (19... f5 $5 {/\Qe6}) 20.
Rde1 Ng6 {/\Nh4 ->} 21. f4 {/\f5//\Ne5} exf3 22. Bxf3 Bxf3 23. gxf3 $1 $14 {
>< Ng6} Bb4 24. Rd1 (24. Re2 $2 Nf4 $19) 24... Rd5 25. Kh1 Rh5 26. e4 {
/\Ne3-f5/d5} Qd7 27. Rg1 Rh3 (27... Bf8 $5 {><g7}) 28. Ne5 Nxe5 29. dxe5 {
/\Rxg7+} Qe6 30. Qg2 (30. f4 Qb3 $132) 30... g6 31. f4 Bc5 (31... Qb3 32. f5 {
/\e5-e6}) 32. Rgf1 Qb3 33. f5 {/\e5-e6} Rd3 34. Rde1 (34. Rxd3 $5 Qxd3 35. e6
fxe6 36. fxg6 h6 $14) 34... Bb4 35. e6 $2 (35. Re2) 35... fxe6 $2 (35... Bxe1
$1 36. exf7+ (36. fxg6 fxg6) 36... Qxf7 37. fxg6 Qxg6 $19) 36. fxg6 e5 37.
gxh7+ Kxh7 (37... Kh8 38. Qg6 $18) 38. Rf5 Bd2 39. Rh5+ Bh6 40. Bc1 Rd6 41.
Bxh6 Rxh6 42. Rxh6+ Kxh6 43. Rg1 1-0